Frog Trivia - Statistics

General Stats
  • This quiz has been taken 115 times
  • The average score is 6 of 15
Answer Stats
Question Answer % Correct
What amphibian is similar to a frog, but has bumpy, dry skin? Toad
95%
What is the phase between a frog being an egg and a froglet called? Tadpole
74%
How many times their body length can most frogs jump? 20
54%
What species of frogs have large, brightly coloured eyes? Red eyed tree frog
53%
What frogs underbelly is almost completely see through? Glass frog
47%
What is the biggest frog species in the world? Goliath frog
40%
What frog shares its name with a popular game from the 1980's? Pacman
36%
What is a group of frogs called? Army
31%
What type of frog shares its name with a common fruit? Tomato frog
29%
What insect is the worlds smallest frog, Paedophryne Amanuensis, similar in size to? Fly
22%
How old is the oldest living frog, Fred the tree frog? 44
19%
What in the poison dart frogs diet that is believed to make them poisonous? Ants, Mites or Centipedes
15%
What species of frog is known for being a terrible jumper? Pumpkin toadlet
15%
What is the only frog native to Scotland European common brown frog
14%
Frogs were the first land animals to develop what? Vocal chords
8%
No matching quizzes found
Score Distribution
Percent of People with Each Score
Percentile by Number Answered
Your Score History
You have not taken this quiz